000 00863nam a2200229Ii 4500
003 JO-AjNU
008 230605s9999||||xx |||||||||||||| ||und||
017 _a2007/8604
020 _a977-342-443-X
040 _aJO-AjNU
_bara
_erda
_cJO-AjNU
041 _aara
050 1 4 _aBP60.K43 2007
100 3 _aالخياط، عبد العزيز عزت,
_eauthor
_953267
245 0 0 _aبوضوح في صراحة الرأي والحديث والفتوى واللقاء الصحفي، ج1
250 _aط1
264 3 1 _aالقاهرة: دار السلام للطباعة والنشر والتوزيع والترجمة، 2007
300 _aج1، 279ص
336 _atext
_btxt
_2rdacontent
337 _aunmediated
_bn
_2rdamedia
338 _avolume
_bnc
_2rdacarrier
650 4 _aالاسلام- مقالات ومحاضرات- الفتاوى الشرعية
_953268
999 _aA23646
_c27214
_d27214